| Tag |
First Indicator |
Second Indicator |
Subfields |
| LEADER |
00000cam a2200000 a 4500 |
| 001 |
in00000018590 |
| 005 |
20151007053303.0 |
| 008 |
870408s1987 ohua b 10010 eng |
| 010 |
|
|
|a 87070938
|
| 020 |
|
|
|a 0871702975
|
| 035 |
|
|
|a (OCoLC)17919879
|
| 035 |
|
|
|9 AAB1090AM
|
| 040 |
|
|
|a DLC
|c DLC
|d TXA
|d UtOrBLW
|
| 049 |
|
|
|a TXAM
|c [A11084771]
|
| 050 |
0 |
0 |
|a TJ1186
|b .C625 1987
|
| 082 |
0 |
|
|a 671.3/5
|2 19
|
| 111 |
2 |
|
|a Conference on Advances in Tool Materials for Use in High Speed Machining
|d (1987 :
|c Scottsdale, Ariz.)
|
| 245 |
1 |
0 |
|a Tool materials for high-speed machining :
|b proceedings of a Conference on Advances in Tool Materials for Use in High Speed Machining, 25-27 February 1987, Scottsdale, Arizona /
|c edited by J.A. Swartley-Loush ; sponsored by Society of Carbide and Tool Engineers.
|
| 264 |
|
1 |
|a [Metals Park, Ohio] :
|b ASM International,
|c [1987]
|
| 264 |
|
4 |
|c ©1987
|
| 300 |
|
|
|a viii, 137 pages :
|b illustrations ;
|c 29 cm.
|
| 336 |
|
|
|a text
|b txt
|2 rdacontent
|
| 337 |
|
|
|a unmediated
|b n
|2 rdamedia
|
| 338 |
|
|
|a volume
|b nc
|2 rdacarrier
|
| 504 |
|
|
|a Includes bibliographies.
|
| 650 |
|
0 |
|a Metal-cutting tools
|x Materials
|x Congresses.
|
| 650 |
|
0 |
|a High-speed machining
|x Congresses.
|
| 700 |
1 |
|
|a Swartley-Loush, J. A.
|q (Judy A.)
|
| 710 |
2 |
|
|a Society of Carbide & Tool Engineers.
|
| 999 |
|
|
|a MARS
|
| 999 |
f |
f |
|s ff77f2e0-d34d-3034-a1e3-20eb3c282ee3
|i 74d0600c-c10f-3d6a-bcd7-9d3c70ea29b7
|t 0
|
| 952 |
f |
f |
|p ric
|a Texas A&M University
|b Rellis Campus
|c Joint Library Facility
|d Remote Storage
|t 0
|e TJ1186 .C625 1987
|h Library of Congress classification
|i unmediated -- volume
|m A14811084771
|
| 998 |
f |
f |
|a TJ1186 .C625 1987
|t 0
|l Remote Storage
|